000 00816nas a2200253 4500
001 BR2015001812
003 BR-BrBNA
005 20231205125145.0
007 ta
008 230509b bl.|||p| |||| 00| 00por d
040 _aBR-BrBNA
_bpor
_cBiblioteca Nacional de Agricultura
041 _a(En)
072 _aH01
100 1 _aScorz Júnior, R.P.
100 1 _aFranco, A.A.
245 1 _aEnviromental behavior of sulfentrazone and fipronil in a brazilian clayey latosol: field experiment and simulation
650 _aAGROTÓXICO
650 _aLIXIVIAÇÃO
650 _aCANA DE AÇÚCAR
650 _aDEFESA VEGETAL
773 0 _tCiência e Agrotecnologia (Brazil)
_xISSN 1413-7054
_g(Sep-Oct 2014), v. 38(5) p. 415-423
_wBR2015001812
909 _a202311
_bLúcia
_c55
_dLúcia Elande
942 _2AGRIS
_n0
_cANA
999 _c242950
_d242950